000 00549nam a2200229Ia 4500
003 OSt
005 20220924135020.0
006 a|||||r|||| 00| 0
007 ta
008 220923b |||||||| |||| 00| 0 ben d
024 _a288335
037 _cTextual
040 _aARTS
_cARTS
_bben
041 _2ben
_aben
082 _aND4,N, 157L5
100 _aGupta M.
_9102981
245 0 _aShilpe bharat O vhibharat
260 _c1975
650 _aARTS
942 _hND4,N, 157L5
_cTEXL
_2CC
999 _c439510
_d439510